| 000 | 00505 a2200181 4500 | ||
|---|---|---|---|
| 020 | _a1401812708 | ||
| 020 | _a1401836305 | ||
| 040 |
_aDLC _bDLC |
||
| 082 | 0 | 0 | _a621.36/92 |
| 100 | 1 | _aSterling, Donald J., | |
| 245 | 1 | 0 |
_aTechnician's guide to fiber optics _cDonald J. Sterling, Jr. |
| 250 | _a4th ed. | ||
| 260 |
_aClifton Park, NY : _bThomson/Delmar Learning, _cc2004. |
||
| 300 |
_a368 p. : _bill. ; _c25 cm. |
||
| 500 | _aIncludes index. | ||
| 650 | 0 | _aFiber optics. | |
| 942 |
_cBK _k621.3692 STE _2ddc |
||
| 999 |
_c7927 _d7927 |
||